Central Library OPAC University of Rajshahi

বিজ্ঞান চর্চা : (Record no. 47450)

MARC details
000 -LEADER
fixed length control field 01166nam a2200253 a 4500
001 - CONTROL NUMBER
control field 47450
003 - CONTROL NUMBER IDENTIFIER
rucl marc code BD-RjUL
005 - DATE AND TIME OF LATEST TRANSACTION
control field 20211209054321.0
008 - FIXED-LENGTH DATA ELEMENTS--GENERAL INFORMATION
fixed length control field 160808s1997 bg a|||| |||| 00| 0 ben d
020 ## - INTERNATIONAL STANDARD BOOK NUMBER
Terms of availability : Tk. 100.00
035 ## - SYSTEM CONTROL NUMBER
System control number (BD-RjUL)47569
040 ## - CATALOGING SOURCE
Original cataloging agency BD-RjUL
Language of cataloging eng
Transcribing agency BD-RjUL
041 ## - LANGUAGE CODE
Language code of text/sound track or separate title eng
082 ## - DEWEY DECIMAL CLASSIFICATION NUMBER
Classification number 509.5492
Author mark and year BIG 1997
245 00 - TITLE STATEMENT
Title বিজ্ঞান চর্চা :
Remainder of title সমকালীন বাংলাদেশ /
Statement of responsibility, etc. সম্পাদনা এ. এন. রাশেদা, শফি আহমেদ, গোলাম মহিউদ্দীন
260 ## - PUBLICATION, DISTRIBUTION, ETC. (IMPRINT)
Place of publication, distribution, etc. ঢাকা :
Name of publisher, distributor, etc. শিক্ষাবার্তা প্রকাশনা,
Date of publication, distribution, etc. ১৯৯৭
300 ## - PHYSICAL DESCRIPTION
Pagination ২০৭ পৃ. :
Illustrations চিত্র ;
Size ২১ সেমি.
650 ## - SUBJECT ADDED ENTRY--TOPICAL TERM
Topical term or geographic name as entry element বিজ্ঞান
General subdivision পঠন ও শিক্ষণ (প্রাথমিক)
9 (RLIN) 144300
Geographic subdivision বাংলাদেশ
Topical term or geographic name as entry element Science
General subdivision Study and teaching (Elementary)
9 (RLIN) 144301
Geographic subdivision Bangladesh
700 ## - ADDED ENTRY--PERSONAL NAME
Personal name রাশেদা, এ. এন.
Personal name আহমেদ, শফি
Personal name মহিউদ্দীন, গোলাম
942 ## - ADDED ENTRY ELEMENTS (KOHA)
Source of classification or shelving scheme Dewey Decimal Classification
Koha item type Books
Holdings
Lost status Source of classification or shelving scheme Damaged status Not for loan Collection code Permanent Location Current Location Shelving location Date acquired Source of acquisition Cost, normal purchase price Total Checkouts Full call number Date last seen Copy number Koha item type Date checked out
  Dewey Decimal Classification     Non-fiction Central Library, University of Rajshahi Central Library, University of Rajshahi   01/07/1997 Shikkha barta Prokashana, 100.00   B 509.5492 BIG 1997 08/08/2016 C-2 Books  
  Dewey Decimal Classification     Non-fiction Central Library, University of Rajshahi Central Library, University of Rajshahi   01/07/1997 Shikkha barta Prokashana, 100.00 1 B 509.5492 BIG 1997 04/01/2018 C-3 Books 26/12/2017